Formula 1 Drivers 2021 - Statistics

General Stats
  • This quiz has been taken 3,822 times
    3,793 since last reset
  • The average score is 18 of 20
Answer Stats
Team Country Driver % Correct
Mercedes F1 Team GBR Lewis Hamilton
100%
Red Bull Racing NED Max Verstappen
99%
McLaren F1 Team GBR Lando Norris
98%
Red Bull Racing MEX Sergio Perez
98%
Scuderia Ferrari MON Charles Leclerc
97%
Mercedes F1 Team FIN Valtteri Bottas
97%
Scuderia Ferrari ESP Carlos Sainz
96%
McLaren F1 Team AUS Daniel Ricciardo
96%
Alpine F1 Team ESP Fernando Alonso
95%
Aston Martin CAN Lance Stroll
95%
Aston Martin GER Sebastian Vettel
95%
Scuderia AlphaTauri Honda FRA Pierre Gasly
94%
Alpine F1 Team FRA Esteban Ocon
93%
Scuderia AlphaTauri Honda JPN Yuki Tsunoda
93%
Williams Racing GBR George Russell
89%
Alfa Romeo Racing FIN Kimi Räikkönen
87%
Haas F1 Team GER Mick Schumacher
84%
Williams Racing CAN Nicholas Latifi
82%
Haas F1 Team RUS Nikita Mazepin
82%
Alfa Romeo Racing ITA Antonio Giovinazzi
72%
No matching quizzes found
Score Distribution
Percent of People with Each Score
Percentile by Number Answered
Your Score History
You have not taken this quiz since the last reset